000 00691nam a22001931a 4500
020 _a9719325003
_c0.00
040 _aNEGST Library - Kenya
082 _aLB 2832.2.B768 2002
100 _aBrown, Gordon B.
245 _aGuiding faculty to excellence :
_binstructional supervision in the Christian School...,(accompanied with 1 CD-ROM)
_cGordon B. Brown
_h[Text]
250 _a2nd ed.
260 _aColorado Springs , CO
_bPurposeful Design Publications
_cc2002
300 _axii, 215 p.;
500 _aIncludes bibliography
600 _aChristian teachers - Training of
600 _aChurch schools - Administration
852 _928.00
942 0 0 _05
999 _c35251
_d35251